The ENCYCLOPEDIA of Malaysia

Bibliographic Details
Format: Book
Published: Singapore : Archipelago Press , 1998-2006
Subjects:

MARC

LEADER 00000cam a2200000 7i4500
001 0000000108
005 20080129.0
020 0 0 |a 9813018399 (vol. 1)   |a 9813018402 (vol. 2)   |a 9813018410 (vol. 3)   |a 9813018429 (vol. 4)   |a 9813018437 (vol. 5)   |a 9813018453 (vol. 6)   |a 981301847X (vol. 7)   |a 9813018518 (vol. 10)   |a 981301855 (vol. 11) 
090 0 0 |a R959.503   |b ENC 1998-2006 
245 0 4 |a The ENCYCLOPEDIA of Malaysia 
260 0 0 |a Singapore :   |b Archipelago Press ,   |c 1998-2006 
300 |b ill. (some col.), col. maps ;   |c 30 cm. 
500 0 0 |a Includes bibliographical references and index   |a Vol. 1. The environment/ volume editor Sham Sani, Vol. 2. Plants/ volume editor E. Soepadmo, Vol. 3. Animals/ volume editor Yong Hoi Sen, Vol. 4. Early history/ volume editor Nik Hassan Suhaimi, Nik Abdul Rahman, Vol. 5. Architecture/ volume editor Chen Voon Fee, Vol. 6. The seas/ volume editors Ong Jin Eong and Gong Wooi Khoon, Vol. 7. Early modern history (1800-1940)/ volume editor Cheah Boon Kheng, Vol. 10. Religions and beliefs/volume editor Prof. Dr. M. Kamal Hassan and Dr. Ghazali bin Basri, Vol. 11. Government and politics/volume editor Prof. Dato' Dr. Zakaria Haji Ahmat. 
651 0 0 |a Malaysia   |x Encyclopedias 
651 0 0 |a Malaysia   |x History 
999 |a 0000001313   |b Monograph   |c Reference   |e Default branch 
999 |a 0000001314   |b Monograph   |c Reference   |e Default branch 
999 |a 0000001315   |b Monograph   |c Reference   |e Default branch 
999 |a 0000001316   |b Monograph   |c Reference   |e Default branch 
999 |a 0000001672   |b Monograph   |c Reference   |e Default branch 
999 |a 0000003047   |b Monograph   |c Reference   |e Default branch 
999 |a 0000003048   |b Monograph   |c Reference   |e Default branch 
999 |a 0000006783   |b Monograph   |c Reference   |e Default branch 
999 |a 0000007192   |b Monograph   |c Reference   |e Default branch